000 00412nam a2200157Ia 4500
008 210210b1928 xxu||||| |||| 00| 0 eng d
041 _aeng
082 _a580/116
100 _aGAUMANN (Ernst Albert)
245 _aComparative morphology of fungi
260 _aNew York
_bMcGraw-Hill Book Company Inc.
_c1928
300 _axiv,701
690 _aBotany
700 _aDODGE (Carroll William)
906 _a002912
999 _c125202
_d125202